Państwa według częściowego obrazu satelitarnego #1 - Statystyki

Ogólne statystyki
  • Ten quiz został rozwiązany 3 859 razy
  • Średni wynik to 10 z 15
Statystyki odpowiedzi
Obrazkowy Odpowiedź % Poprawnych
Włochy
95%
Cypr
94%
Turcja
86%
Francja
84%
Grecja
80%
Filipiny
79%
Kuba
78%
Tajwan
72%
Rosja
64%
Madagaskar
63%
Indonezja
61%
Kanada
55%
Niemcy
53%
Irak
23%
Panama
21%
Nie znaleziono quizów pasujących do podanych kryteriów
Rozkład punktacji
Procent ludzi z każdym wynikiem
Percentyl według liczby udzielonych odpowiedzi
Twoja historia wyników
Nie rozwiązałeś tego quizu